Introduction to residential layout (Record no. 106691)

MARC details
000 -LEADER
fixed length control field 00974cam a2200241 4500
001 - CONTROL NUMBER
control field L137212
008 - FIXED-LENGTH DATA ELEMENTS--GENERAL INFORMATION
fixed length control field 070322s2006 xxk f 000 0 eng d
020 ## - INTERNATIONAL STANDARD BOOK NUMBER
International Standard Book Number 0750662050
-- 9780750662055
035 ## - SYSTEM CONTROL NUMBER
System control number (Sirsi) u137212
041 0# - LANGUAGE CODE
Language code of text/sound track or separate title eng
050 04 - LIBRARY OF CONGRESS CALL NUMBER
Classification number 711.58 $2 18
100 1# - MAIN ENTRY--PERSONAL NAME
Personal name Biddulph, Mike
245 00 - TITLE STATEMENT
Title Introduction to residential layout
260 ## - PUBLICATION, DISTRIBUTION, ETC.
Place of publication, distribution, etc. Oxford
Name of publisher, distributor, etc. Elsevier
Date of publication, distribution, etc. 2006
300 ## - PHYSICAL DESCRIPTION
Extent xii, 241p.
Other physical details ill.
Dimensions 28cm.
350 ## - PRICE (NR) (BK AM CF MU VM SE) [OBSOLETE]
Price 27.99
520 ## - SUMMARY, ETC.
Summary, etc. This comprehensive guide examines the theory and practice of designing and laying out residential areas. Covers: commercial viability; building place and defining space; environmentally benign development and design; access and movement; integrating other uses; safety and ease of use; contemporary residential townscape; and social life in outdoor residential spaces. Bibliography.
590 ## - LOCAL NOTE (RLIN)
Local note KA
651 #4 - SUBJECT ADDED ENTRY--GEOGRAPHIC NAME
Geographic name International
690 ## - LOCAL SUBJECT ADDED ENTRY--TOPICAL TERM (OCLC, RLIN)
Topical term or geographic name as entry element BUILT ENVIRONMENT-CONSTRUCTION DESIGN
942 ## - ADDED ENTRY ELEMENTS (KOHA)
Suppress in OPAC 0
Holdings
Withdrawn status Lost status Source of classification or shelving scheme Damaged status Not for loan Home library Current library Shelving location Date acquired Cost, normal purchase price Total Checkouts Full call number Barcode Date last seen Date last checked out Copy number Cost, replacement price Price effective from Koha item type
    Dewey Decimal Classification     London London Folio 24/04/2007 23.79 15 F711.58 BID 30072224 06/08/2019 06/08/2009 1 23.79 06/08/2019 Book